Sports Quiz

Random Sports or Hockey Quiz
Score 0/30 Timer 10:00
0 Plays Today
Saison Prénom Nom % Correct
2019-2020Alex Aleardi
82.5%
2018-2019Joël Champagne
76.1%
2017-2018Joël Champagne
76.1%
2015-2016Joël Champagne
76.1%
2013-2014Danick Bouchard
65.3%
2019-2020Danick Bouchard
65.3%
2014-2015Julien Desrosiers
60.1%
2010-2011Julien Desrosiers
60.1%
2019-2020Tommy Giroux
58.9%
2017-2018Alexandre Giroux
56.2%
2018-2019Denny Kearney
45.6%
2018-2019Guillaume Leclerc
45%
2010-2011Carl Mallette
43.5%
2017-2018Julien Correia
39.3%
2015-2016Eric Chouinard
33.8%
Saison Prénom Nom % Correct
2016-2017Eric Chouinard
33.8%
2010-2011François-Pierre Guenette
32.3%
2015-2016Maxime Lacroix
31.7%
2012-2013Francis Charland
27.8%
2014-2015Francis Charland
27.8%
2011-2012Yanick Riendeau
26.9%
2016-2017Samuel Takac
24.8%
2011-2012Martin Gascon
23.9%
2012-2013Martin Gascon
23.9%
2013-2014David Labrecque
20.2%
2016-2017Scott Fleming
17.5%
2014-2015Felix Petit
15.7%
2013-2014Michal Petrak
15.4%
2012-2013Tim Crowder
15.4%
2011-2012Eric Castonguay
13.9%
Come Together.
Have Fun.
All Virtual.
We all need to come together. Play Sporcle's virtual live trivia to have fun, connect with people, and get your trivia on. Join a live hosted trivia game for your favorite pub trivia experience done virtually. If a virtual private party is more your thing, go here for details.

You're not logged in!

Compare scores with friends on all Sporcle quizzes.
OR
Log In

Sporcle TV

Today on Sporcle TV


Watch our educational content, quiz creation guides, and fun videos on Sporcle TV.

Show Comments

Extras

Top Quizzes Today


Score Distribution

Paid Content

Your Account Isn't Verified!

In order to create a playlist on Sporcle, you need to verify the email address you used during registration. Go to your Sporcle Settings to finish the process.

Report this User

Report this user for behavior that violates our Community Guidelines.

Details: